Housing studies

Detalles Bibliográficos
Formato: Electrónico Revista
Lenguaje:inglés
Publicado: [Harlow, Essex] : Longman
Abingdon, Oxfordshire, UK : Carfax International Publishers
[Abingdon, Oxfordshire, UK] : Routledge
Materias:
Acceso en línea:Full text available from Research Library: 10/01/1997 to 11/30/2000

MARC

LEADER 00000nas a2200000 a 4500
001 ssj0012583
003 WaSeSS
005 20200512172242.0
006 m d
007 cr n
008 980717c19869999enkbx pss 0 a0eng c
010 |a  2006252713 
015 |a GBA609606  |2 bnb 
016 7 |a 013367980  |2 Uk 
022 |a 1466-1810  |l 0267-3037  |y 0267-3037 
035 |a (WaSeSS)ssj0012583 
040 |a F#A  |b eng  |e pn  |c F#A  |d OCL  |d EYM  |d OCLCQ  |d WAU  |d OCLCQ  |d OCLCO  |d OCLCQ  |d DLC  |d UKMGB  |d OCLCF  |d OCLCO  |d OCLCQ  |d WT2  |d DLC  |d U3W  |d OCLCQ  |d AU@  |d OCLCQ  |d WaSeSS 
042 |a pcc  |a nsdp 
050 0 0 |a HD7285 
082 0 4 |a 363.5 
130 0 |a Housing studies (Online) 
210 0 |a Hous. stud.  |b (Online) 
222 0 |a Housing studies  |b (Online) 
245 1 0 |a Housing studies  |h [electronic resource]. 
260 |a [Harlow, Essex] :  |b Longman 
260 2 |3 <1998-> :  |a Abingdon, Oxfordshire, UK :  |b Carfax International Publishers 
260 3 |3 2005- :  |a [Abingdon, Oxfordshire, UK] :  |b Routledge 
310 |a 8 issues per year,  |b 2011- 
321 |a 6 issues per year,  |b 1998-2010 
321 |a Quarterly,  |b 1986-1997 
362 1 |a Print began with vol. 1, no. 1 (Jan. 1986). 
506 |a License restrictions may limit access. 
515 |a Some issues combined. 
538 |a Mode of access: World Wide Web. 
588 0 |a Print version record. 
588 1 |a Volume 33, Issue 3 (2018) (Taylor & Francis website, viewed May 16, 2018). 
650 0 |a Housing  |v Periodicals. 
650 7 |a Housing.  |2 fast  |0 (OCoLC)fst00962245 
655 0 |a Electronic journals. 
776 0 8 |i Print version:  |t Housing studies  |x 0267-3037  |w (DLC)sn 86017222  |w (OCoLC)14362544 
850 |a DLC 
856 4 0 |z Full text available from Research Library: 10/01/1997 to 11/30/2000  |u https://search.proquest.com/publication/31902